000
00293nam a2200121Ia 4500
005
20251222141825.0
008
251222s9999||||xx |||||||||||||| ||spa||
082
_a
985.41/Z74
100
_a
Zevallos Vera, Manuel
245
0
_a
Arequipa:
264
_b
Fondo Editorial Alas Peruanas
942
_c
LIB
999
_c
6923
_d
6923